Statistics for Body in the Answers

Click here to take the quiz!

General Stats

  • This quiz has been taken 9,734 times
    (9,724 since last reset)
  • The average score is 15 of 20

Answer Stats

HintAnswer% Correct
If you have this, you stink!Body {Odor}
91%
What Governor Schwarzenegger was good atBody {Building}
89%
Immune system soldier{Anti}body
88%
An action hero who kills a lot of people has a high ....Body {Count}
87%
Ziploc for the deadBody {Bag}
85%
Kind of like a doppelgangerBody {Double}
85%
Have one over 30 and you are technically obeseBody {Mass} {Index}
81%
What wrestlers do to each otherBody {Slam}
81%
Determines if you like what you see in the mirrorBody {Image}
75%
Someone who never leaves the house{Home}body
75%
Someone who needs to mind their own business{Busy}body
74%
Smiles, shrugs, and waves for exampleBody {Language}
73%
Moon, stars, planets for example{Heavenly} Bodies
72%
What boxers give to each otherBody {Blow}s
69%
These led an "invasion" in a scifi movieBody {Snatcher}s
68%
Some think you lose this through your headBody {Heat}
65%
Clowns and Special FX artists use lots of thisBody {Paint}
65%
Kevin Costner roleThe Body{guard}
65%
What lawyers need to winBody of {Evidence}
61%
John Meyer refrainYour Body is a {Wonderland}
45%

Score Distribution

Percentile by Number Answered

Percent of People with Each Score

Your Score History

You have not taken this quiz since the last reset